01259 2200205 4500001002100000005001500021008004100036020001800077035001900095041000800114082001200122084001800134100001100152245003600163260003000199300003200229520069500261650005200956650004501008INLIS00000000000786120200508204134200508||||||||| | ||| |||| ||ind|| a9789793519715 0010-0520007861 aind0 a342.087 a342.087/UND/U0 aEdited00aUndang-Undang Perlindungan Anak aBandungbFokusmediac2010 aix, 298 p. ; 21 cm.c21 cm. aBuku ini menyajikan Undang-Undang Perlindungan Anak dan peraturan secara lengkap sebagai payung hukum bagi pemerhati anak maupun aparatur penegak hukum. Adapun Undang-Undang perlindungan anak diatur dalam Undang-Undang RI Nomor 23 Tahun 2002 dilengkapi dengan: 1. Undang-Undang RI No.1 Tahun 2000. 2. Undang-Undang RI No.20 Tahun 1999. 3. Undang-Undang RI No.19 Tahun 1999. 4. Undang-Undang RI No.5 Tahun 1998. 5. Undang-Undang RI No.3 Tahun 1997. 6.Undang-Undang RI No.4 Tahun 1979. 7. Keputusan Presiden RI No.88 Tahun 2002. 8. Keputusan Presiden RI No.87 Tahun 2002. 9.Keputusan Presiden RI No.77 Tahun 2003. 10. Keputusan Presiden RI No.59 Tahun 2002. 11. Konvensi tentang Hak-hak Anak. 0aChildren - Legal status, laws, etc. - Indonesia 0aLegal assistance to children - Indonesia